<?xml version="1.0" encoding="UTF-8"?>
<record
    xmlns:xsi="http://www.w3.org/2001/XMLSchema-instance"
    xsi:schemaLocation="http://www.loc.gov/MARC21/slim http://www.loc.gov/standards/marcxml/schema/MARC21slim.xsd"
    xmlns="http://www.loc.gov/MARC21/slim">

  <leader>01343nam a22002537a 4500</leader>
  <controlfield tag="003">NALT</controlfield>
  <controlfield tag="005">20240215135151.0</controlfield>
  <controlfield tag="008">      s2559    th                  tha d</controlfield>
  <datafield tag="020" ind1=" " ind2=" ">
    <subfield code="a">9786169186014</subfield>
  </datafield>
  <datafield tag="040" ind1=" " ind2=" ">
    <subfield code="a">NALT</subfield>
  </datafield>
  <datafield tag="041" ind1=" " ind2=" ">
    <subfield code="a">tha</subfield>
  </datafield>
  <datafield tag="050" ind1=" " ind2=" ">
    <subfield code="a">DS 586 </subfield>
    <subfield code="b">&#xE1A;268 2559</subfield>
  </datafield>
  <datafield tag="245" ind1="0" ind2="0">
    <subfield code="a">&#xE1A;&#xE31;&#xE19;&#xE17;&#xE36;&#xE01;&#xE40;&#xE2B;&#xE15;&#xE38;&#xE01;&#xE32;&#xE23;&#xE13;&#xE4C; 14 &#xE15;&#xE38;&#xE25;&#xE32; &#xE1C;&#xE48;&#xE32;&#xE19; 13 &#xE01;&#xE1A;&#xE0F; /</subfield>
    <subfield code="c">&#xE01;&#xE2D;&#xE07;&#xE1A;&#xE23;&#xE23;&#xE13;&#xE32;&#xE18;&#xE34;&#xE01;&#xE32;&#xE23;, &#xE40;&#xE28;&#xE23;&#xE29;&#xE10;&#xE27;&#xE31;&#xE12;&#xE19;&#xE4C; &#xE2A;&#xE38;&#xE23;&#xE34;&#xE19;&#xE17;&#xE23;&#xE4C;&#xE04;&#xE33;...&#xE41;&#xE25;&#xE30;&#xE04;&#xE19;&#xE2D;&#xE37;&#xE48;&#xE19; &#xE46;. </subfield>
  </datafield>
  <datafield tag="250" ind1=" " ind2=" ">
    <subfield code="a">&#xE1E;&#xE34;&#xE21;&#xE1E;&#xE4C;&#xE04;&#xE23;&#xE31;&#xE49;&#xE07;&#xE17;&#xE35;&#xE48; 2</subfield>
  </datafield>
  <datafield tag="260" ind1=" " ind2=" ">
    <subfield code="a">&#xE01;&#xE23;&#xE38;&#xE07;&#xE40;&#xE17;&#xE1E;&#xE2F; : </subfield>
    <subfield code="b">&#xE21;&#xE39;&#xE25;&#xE19;&#xE34;&#xE18;&#xE34; 14 &#xE15;&#xE38;&#xE25;&#xE32;, </subfield>
    <subfield code="c">2559.</subfield>
  </datafield>
  <datafield tag="300" ind1=" " ind2=" ">
    <subfield code="a">223 &#xE2B;&#xE19;&#xE49;&#xE32; :</subfield>
    <subfield code="b">&#xE20;&#xE32;&#xE1E;&#xE1B;&#xE23;&#xE30;&#xE01;&#xE2D;&#xE1A; ;</subfield>
    <subfield code="c">21 &#xE0B;&#xE21;.</subfield>
  </datafield>
  <datafield tag="650" ind1=" " ind2="4">
    <subfield code="a">&#xE19;&#xE31;&#xE01;&#xE28;&#xE36;&#xE01;&#xE29;&#xE32;</subfield>
    <subfield code="9">37913</subfield>
    <subfield code="z">&#xE44;&#xE17;&#xE22;</subfield>
    <subfield code="x">&#xE01;&#xE34;&#xE08;&#xE01;&#xE23;&#xE23;&#xE21;&#xE17;&#xE32;&#xE07;&#xE01;&#xE32;&#xE23;&#xE40;&#xE21;&#xE37;&#xE2D;&#xE07;</subfield>
  </datafield>
  <datafield tag="650" ind1=" " ind2="4">
    <subfield code="a">&#xE27;&#xE31;&#xE19;&#xE21;&#xE2B;&#xE32;&#xE27;&#xE34;&#xE1B;&#xE42;&#xE22;&#xE04;</subfield>
    <subfield code="9">15820</subfield>
  </datafield>
  <datafield tag="651" ind1=" " ind2="4">
    <subfield code="9">4337</subfield>
    <subfield code="a">&#xE44;&#xE17;&#xE22;</subfield>
    <subfield code="x">&#xE01;&#xE32;&#xE23;&#xE40;&#xE21;&#xE37;&#xE2D;&#xE07;&#xE41;&#xE25;&#xE30;&#xE01;&#xE32;&#xE23;&#xE1B;&#xE01;&#xE04;&#xE23;&#xE2D;&#xE07;</subfield>
    <subfield code="y">&#xE01;&#xE23;&#xE38;&#xE07;&#xE23;&#xE31;&#xE15;&#xE19;&#xE42;&#xE01;&#xE2A;&#xE34;&#xE19;&#xE17;&#xE23;&#xE4C;, 2519</subfield>
  </datafield>
  <datafield tag="651" ind1=" " ind2="4">
    <subfield code="9">15819</subfield>
    <subfield code="a">&#xE44;&#xE17;&#xE22;</subfield>
    <subfield code="x">&#xE01;&#xE32;&#xE23;&#xE40;&#xE21;&#xE37;&#xE2D;&#xE07;&#xE41;&#xE25;&#xE30;&#xE01;&#xE32;&#xE23;&#xE1B;&#xE01;&#xE04;&#xE23;&#xE2D;&#xE07; </subfield>
    <subfield code="y">&#xE01;&#xE23;&#xE38;&#xE07;&#xE23;&#xE31;&#xE15;&#xE19;&#xE42;&#xE01;&#xE2A;&#xE34;&#xE19;&#xE17;&#xE23;&#xE4C;, 2516</subfield>
  </datafield>
  <datafield tag="700" ind1="0" ind2=" ">
    <subfield code="9">44491</subfield>
    <subfield code="a">&#xE40;&#xE28;&#xE23;&#xE29;&#xE10;&#xE27;&#xE31;&#xE12;&#xE19;&#xE4C; &#xE2A;&#xE38;&#xE23;&#xE34;&#xE19;&#xE17;&#xE23;&#xE4C;&#xE04;&#xE33;</subfield>
  </datafield>
  <datafield tag="850" ind1=" " ind2=" ">
    <subfield code="a">NALT</subfield>
  </datafield>
  <datafield tag="942" ind1=" " ind2=" ">
    <subfield code="c">GB</subfield>
    <subfield code="2">lcc</subfield>
  </datafield>
  <datafield tag="999" ind1=" " ind2=" ">
    <subfield code="c">77245</subfield>
    <subfield code="d">77245</subfield>
  </datafield>
  <datafield tag="998" ind1=" " ind2=" ">
    <subfield code="j">4574</subfield>
    <subfield code="k"> &#xE19;&#xE31;&#xE01;&#xE28;&#xE36;&#xE01;&#xE29;&#xE32;&#xE1D;&#xE36;&#xE01;&#xE07;&#xE32;&#xE19;-01</subfield>
  </datafield>
  <datafield tag="952" ind1=" " ind2=" ">
    <subfield code="0">0</subfield>
    <subfield code="1">0</subfield>
    <subfield code="2">lcc</subfield>
    <subfield code="4">0</subfield>
    <subfield code="7">0</subfield>
    <subfield code="8">CGBL</subfield>
    <subfield code="a">NALT</subfield>
    <subfield code="b">NALT</subfield>
    <subfield code="d">2021-06-08</subfield>
    <subfield code="e">&#xE1A;&#xE23;&#xE34;&#xE08;&#xE32;&#xE04;</subfield>
    <subfield code="l">1</subfield>
    <subfield code="m">2</subfield>
    <subfield code="o">DS 586 &#xE1A;268 2559</subfield>
    <subfield code="p">3961205492</subfield>
    <subfield code="r">2017-09-29 00:00:00</subfield>
    <subfield code="s">2017-09-04</subfield>
    <subfield code="w">2017-06-09</subfield>
    <subfield code="y">GB</subfield>
  </datafield>
</record>
